Pla d'actuació i ordenació del recinte de l'Escola Universitària d'Enginyeria Tècnica en Teixits de Punt a Canet de Mar / arquitecte redactor: Víctor Rahola i Aguadé Víctor Rahola i Aguadé
Descripción Física:
[32] f. : amb plànols ; 30 x 42 cm
MARC
| LEADER | 00000nam a2200000Ia 4500 | ||
|---|---|---|---|
| 001 | 10336 | ||
| 008 | 160829s1985 xx 000 0 cat d | ||
| 080 | |a FOL-1-187 | ||
| 100 | |a Rahola i Aguadé, Víctor |9 22427 | ||
| 245 | |a Pla d'actuació i ordenació del recinte de l'Escola Universitària d'Enginyeria Tècnica en Teixits de Punt a Canet de Mar / arquitecte redactor: |b Víctor Rahola i Aguadé | ||
| 260 | |a Barcelona : |b Diputació de Barcelona. Àrea d'Obres Públiques, |c 1985 | ||
| 300 | |a [32] f. : |b amb plànols ; |c 30 x 42 cm | ||
| 590 | |a A la coberta: Diputació de Barcelona. Construccions Civils. | ||
| 650 | |a Escola Universitària d'Enginyeria Tècnica en Teixits de Punt (Canet de Mar) |x Restauració |x Projectes |9 22428 | ||
| 710 | 1 | |a Barcelona (Catalunya : Província). |b Àrea d'Obres Públiques |9 55054 | |
| 901 | |a Arxiu | ||
| 942 | |n 1 | ||
| 952 | |0 0 |1 0 |4 0 |6 FOL1187 |7 1 |9 42219 |a Arxiu |b Arxiu |d 2016-12-01 |l 0 |o FOL-1-187 |p 10336 |r 2016-12-01 00:00:00 |w 2016-12-01 |y ARXIU | ||
| 999 | |c 44666 |d 44666 | ||